Statistics for NFL - Football Teams Quiz

Click here to take the quiz!

General Stats

  • This quiz has been taken 22 times
  • The average score is 30 of 32

Answer Stats

Answer% Correct
Chicago Bears
100%
Dallas Cowboys
100%
Green Bay Packers
100%
Kansas City Chiefs
100%
Los Angeles Chargers
100%
New England Patriots
100%
New York Giants
100%
New York Jets
100%
Cleveland Browns
95%
Houston Texans
95%
Las Vegas Raiders
95%
Los Angeles Rams
95%
Miami Dolphins
95%
Pittsburgh Steelers
95%
San Francisco 49ers
95%
Seattle Seahawks
95%
Washington Commanders
95%
Arizona Cardinals
90%
Atlanta Falcons
90%
Baltimore Ravens
90%
Cincinnati Bengals
90%
Denver Broncos
90%
Detroit Lions
90%
Jacksonville Jaguars
90%
Minnesota Vikings
90%
Philadelphia Eagles
90%
Carolina Panthers
86%
Indianapolis Colts
86%
New Orleans Saints
86%
Tennessee Titans
86%
Buffalo Bills
81%
Tampa Bay Buccaneers
76%

Score Distribution

Percentile by Number Answered

Percent of People with Each Score

Your Score History

You have not taken this quiz